000 00471nam a2200193 a 4500
001 1761205392404
003 ACL
005 20251023131505.0
008 251023s2002##################000#0#eng##
020 _a9781841693095
082 0 4 _a658.575
_bGIR
100 1 _aEysenck, Michael W.,
_eauthor.
245 1 0 _aSimply Psychology :
260 _bTaylor & Francis,
_c2002.
300 _a411 pages
650 0 _aPsychology.
942 _cENGLISH
040 _aACL
_beng
_cACL
999 _c592857
_d592857